000 00916nam a2200241 a 4500
003 BD-DhJNU
005 20260408055107.0
008 260508s2018 bg |||g |||| 000 1|ben|d
020 _a9789387058088
040 _aBD-DhJNU
_bben
_cBD-DhJNU
_dBD-DhJNU
041 _aben
082 _a891.44 SED
_223
100 _aসেন, চন্দন
245 1 0 _aদেশ-বিদেশের ছয় নাটক /
_cচন্দন সেন
246 _aDesh-bidesher chhoy natok
250 _a1st ed.
260 _aঢাকা :
_bপ্রতিভাস,
_c2018.
300 _a৩১৮ পৃ. :
_bচিত্র ;
_c২২ সেমি.।
504 _aগ্রন্থপঞ্জিগত নির্দেশিকা ও নিঘন্ট অন্তভূক্ত
650 _aবাংলা নাটক -- সংকলন
650 _aBengali Drama -- Collection
942 _cBK
999 _c2659
_d2659